Design and analysis / (Record no. 352649)

000 -LEADER
fixed length control field 02155 a2200337 4500
003 - CONTROL NUMBER IDENTIFIER
control field OSt
005 - DATE AND TIME OF LATEST TRANSACTION
control field 20180116192341.0
008 - FIXED-LENGTH DATA ELEMENTS--GENERAL INFORMATION
fixed length control field 120524t xxu||||| |||| 00| 0 eng d
020 ## - INTERNATIONAL STANDARD BOOK NUMBER
International Standard Book Number 0442025807 (paperback)
020 ## - INTERNATIONAL STANDARD BOOK NUMBER
International Standard Book Number 9780442025809 (paperback)
040 ## - CATALOGING SOURCE
Transcribing agency 0
082 04 - DEWEY DECIMAL CLASSIFICATION NUMBER
Classification number 720.47
100 1# - MAIN ENTRY--PERSONAL NAME
Personal name Leupen, Bernard.
9 (RLIN) 1992
245 10 - TITLE STATEMENT
Title Design and analysis /
Statement of responsibility, etc. Bernard Leupen, Christoph Grafe, Nicola Korning, Marc Lampe, Peter Dezeeuw, Nicola Kornig, Peter De Zeeuw, Bernard Leupen.
260 ## - PUBLICATION, DISTRIBUTION, ETC.
Place of publication, distribution, etc. New york :
Name of publisher, distributor, etc. Van Nostrand Reinhold,
Date of publication, distribution, etc. 1997.
300 ## - PHYSICAL DESCRIPTION
Extent 224 p. ;
Other physical details ill.;
Dimensions 27 cm.
520 ## - SUMMARY, ETC.
Summary, etc. Taking an interdisciplinary approach, and using historical examples of architecture, urban design, and landscape architecture, the book traces the evolution of design principles from ancient Greece to the 20th Century. Design and analysis are inseparable processes. All architects, designers, urban planners, and landscape architects use similar methods of analysis to understand the structure and compositional principles of things that have already been built. Only methodical analysis gives us an insight into the design process, or into the way in which an object has been put together. This book is an ideal tool to teach and learn analytical methods that can be applied to any design process. The subject matter is organized in six different parts corresponding to all the major factors that may influence a designer's decision. Emphasis is put into analytical drawings and their applications to different subjects.
650 0# - SUBJECT ADDED ENTRY--TOPICAL TERM
Topical term or geographic name entry element Architectural design
9 (RLIN) 1993
650 0# - SUBJECT ADDED ENTRY--TOPICAL TERM
Topical term or geographic name entry element Architecture
General subdivision Composition, proportion, etc.
9 (RLIN) 1994
650 0# - SUBJECT ADDED ENTRY--TOPICAL TERM
Topical term or geographic name entry element Architecture
General subdivision Environmental aspects
9 (RLIN) 1995
700 1# - ADDED ENTRY--PERSONAL NAME
Personal name Grafe, Christoph.
9 (RLIN) 1996
700 1# - ADDED ENTRY--PERSONAL NAME
Personal name Korning, Nicola.
9 (RLIN) 1997
700 1# - ADDED ENTRY--PERSONAL NAME
Personal name Lampe, Marc.
9 (RLIN) 1998
700 1# - ADDED ENTRY--PERSONAL NAME
Personal name Dezeeuw, Peter.
9 (RLIN) 1999
700 1# - ADDED ENTRY--PERSONAL NAME
Personal name Kornig, Nicola.
9 (RLIN) 2000
700 1# - ADDED ENTRY--PERSONAL NAME
Personal name Zeeuw, Peter De.
9 (RLIN) 2001
700 1# - ADDED ENTRY--PERSONAL NAME
Personal name Leupen, Bernard.
9 (RLIN) 2002
856 40 - ELECTRONIC LOCATION AND ACCESS
Materials specified Amazon.com
Uniform Resource Identifier <a href="http://www.amazon.com/exec/obidos/ASIN/0442025807/chopaconline-20">http://www.amazon.com/exec/obidos/ASIN/0442025807/chopaconline-20</a>
942 ## - ADDED ENTRY ELEMENTS (KOHA)
Institution code [OBSOLETE] SADA
Koha item type Book
Call number prefix 720.47 LEU 1997
Source of classification or shelving scheme
Holdings
Withdrawn status Lost status Source of classification or shelving scheme Damaged status Not for loan Permanent Location Current Location Date acquired Total Checkouts Total Renewals Full call number Barcode Date last seen Date last checked out Price effective from Koha item type
          School of Art Design and Architecture (SADA) School of Art Design and Architecture (SADA) 02/10/2011 6 4 720.47 LEU 1997 SADA0000599 04/16/2015 03/06/2015 08/05/2011 Book
© 2023 Central Library, National University of Sciences and Technology. All Rights Reserved.